Teoría de la Literatura Norteamericana: crítica y evolución

שמור ב:
מידע ביבליוגרפי
מחבר ראשי: Jones, Howard Mumford
פורמט: ספר
שפה:Undetermined
יצא לאור: Buenos Aires, Argentina Bibliográfica OMEGA 1968
נושאים:
תגים: הוספת תג
אין תגיות, היה/י הראשונ/ה לתייג את הרשומה!

MARC

LEADER 00000nam a2200000Ia 4500
008 170316s9999 xx 000 0 und d
090 |a C-810 J-1t 
100 |a Jones, Howard Mumford 
245 |a Teoría de la Literatura Norteamericana: crítica y evolución 
260 |a Buenos Aires, Argentina 
260 |b Bibliográfica OMEGA 
260 |c 1968 
300 |a 164 páginas 
650 |a LITERATURA ESTADOUNIDENSE 
650 |a CRÍTICA 
999 |c 28221  |d 28221 
040 |a cru BVZT 
942 |c 15 D  |h C-810 J-1t  |2 z